Traduction français-japonais - Clic Quiz - Statistiques

Statistiques générales
  • Ce quiz a été pris 4 318 fois
  • Le résultat moyen est 15 sur 25
Statistiques - réponses
Hint Extra Hint Réponse % Correct
Merci Sélectionnez la traduction Arigatō (ありがとう)
96%
Au revoir Sélectionnez la traduction Sayōnara (さようなら)
84%
Bonjour (l'après-midi) Sélectionnez la traduction Kon'nichiwa (こんにちは)
80%
Oui Sélectionnez la traduction Hai (はい)
79%
Chat Sélectionnez la traduction Neko (猫)
77%
S'il vous plaît Sélectionnez la traduction Onegaishimasu (お願いします)
75%
Excusez-moi Sélectionnez la traduction Sumimasen (すみません)
75%
Non Sélectionnez la traduction Īe (いいえ)
69%
Je / Moi Sélectionnez la traduction Watashi (私)
61%
Ami Sélectionnez la traduction Tomodachi (友だち)
59%
Dieu Sélectionnez la traduction Kami (神)
57%
Chien Sélectionnez la traduction Inu (犬)
56%
Voir Sélectionnez la traduction Miru (見る)
54%
Tu / Toi Sélectionnez la traduction Anata (あなた)
52%
Vent Sélectionnez la traduction Kaze (風)
52%
Fleur Sélectionnez la traduction Hana (花)
51%
Humain Sélectionnez la traduction Ningen (人間)
51%
Monde Sélectionnez la traduction Sekai (世界)
50%
Œuf Sélectionnez la traduction Tamago (卵)
50%
Mer Sélectionnez la traduction Umi (海)
48%
Montagne Sélectionnez la traduction Yama (山)
46%
Pays Sélectionnez la traduction Kuni (国)
41%
Oiseau Sélectionnez la traduction Tori (鳥)
38%
Voiture Sélectionnez la traduction Kuruma (車)
36%
Poisson Sélectionnez la traduction Sakana (魚)
36%
Aucun quiz correspondant
Distribution des résultats
% des personnes avec chaque résultat
Percentile par nombre de réponses
Votre historique - résultats
Vous n’avez pas pris ce quiz